[Event "Munich Laimer op 2nd"]
[Site "Munich"]
[Date "2023.05.30"]
[Round "9"]
[White "Wagner, Tizian"]
[Black "Arora, Abhiraaj"]
[Result "1-0"]
[WhiteElo "1901"]
[BlackElo "1288"]
[PlyCount "163"]
[EventDate "2023.05.26"]
[EventType "swiss"]
[EventRounds "9"]
[EventCountry "GER"]
[SourceTitle "CBM 214 Extra"]
[Source "ChessBase"]
[SourceDate "2023.07.31"]
[SourceVersion "1"]
[SourceVersionDate "2023.07.31"]
[SourceQuality "1"]

1. e4 e5 2. Nf3 Nc6 3. Bb5 a6 4. Ba4 Nf6 5. d3 b5 6. Bb3 Be7 7. 0-0 0-0 8. c3 d6 9. Nbd2 Bg4 10. h3 Bh5 11. a4 Na5 12. Ba2 c5 13. Re1 Nc6 14. Nf1 Re8 15. Ng3 Bxf3 16. Qxf3 g6 17. Bg5 bxa4 18. Bxf6 Bxf6 19. Bd5 Rc8 20. Rxa4 a5 21. Rea1 Rf8 22. Bxc6 Rxc6 23. Rxa5 Bg7 24. Nf1 Rb6 25. R1a2 Rxb2 26. Ne3 Rxa2 27. Rxa2 Qb6 28. Kh2 Qb1 29. Qe2 Qb7 30. Rb2 Qa7 31. Nc4 Rd8 32. Nb6 Rb8 33. Nd5 Rxb2 34. Qxb2 Bf8 35. Qb5 Kg7 36. Qc4 Qb7 37. Qa2 Qb5 38. Qd2 h6 39. Qe3 Qa5 40. f4 exf4 41. Qxf4 Qd8 42. h4 h5 43. Kh3 Qd7+ 44. Kg3 Qe6 45. Kf3 Qe5 46. Qe3 Qe6 47. g3 Qg4+ 48. Kf2 Qe6 49. d4 cxd4 50. Qxd4+ Qe5 51. Ke3 Kh6 52. Qxe5 dxe5 53. Nf6 Bc5+ 54. Kf3 g5 55. Nd7 Bd6 56. c4 gxh4 57. gxh4 Kg6 58. c5 Bc7 59. Nb6 f5 60. Nd5 fxe4+ 61. Kxe4 Bb8 62. c6 Kf7 63. c7 Bxc7 64. Nxc7 Kf6 65. Nd5+ Ke6 66. Ne3 Kf6 67. Nc4 Ke6 68. Nxe5 Kf6 69. Kf4 Ke6 70. Nd3 Kf6 71. Nc5 Kg6 72. Ke5 Kg7 73. Kf5 Kh6 74. Kf6 Kh7 75. Kg5 Kg7 76. Kxh5 Kh7 77. Ne6 Kg8 78. Kh6 Kh8 79. Nf4 Kg8 80. Ng6 Kf7 81. Kh7 Kf6 82. h5 1-0

[Event "GER-ch U10"]
[Site "Willingen"]
[Date "2019.06.15"]
[Round "11"]
[White "Haubold, Sebastian Marcel"]
[Black "Arora, Abhiraaj"]
[Result "0-1"]
[WhiteElo "1506"]
[BlackElo "1454"]
[PlyCount "116"]
[EventDate "2019.06.08"]
[EventType "swiss"]
[EventRounds "11"]
[EventCountry "GER"]
[SourceTitle "CBM 191 Extra"]
[Source "ChessBase"]
[SourceDate "2019.09.30"]
[SourceVersion "1"]
[SourceVersionDate "2019.09.30"]
[SourceQuality "1"]

1. e4 e5 2. Nf3 Nc6 3. Bb5 a6 4. Ba4 Nf6 5. d4 exd4 6. 0-0 Be7 7. Re1 b5 8. Bb3 d6 9. Bd5 Nxd5 10. exd5 Nb4 11. Nxd4 Bb7 12. Nc3 0-0 13. a3 Nxd5 14. Nf5 Nxc3 15. Nxe7+ Qxe7 16. bxc3 Qf6 17. Re3 Rfe8 18. Rg3 Be4 19. Bg5 Qe6 20. Qd2 Bxc2 21. h4 Bg6 22. Rd1 Qe5 23. Re3 Qc5 24. Qb2 a5 25. Rde1 Rxe3 26. Rxe3 h6 27. Bf4 Qf5 28. Bg3 Qb1+ 29. Qxb1 Bxb1 30. Re7 Rc8 31. Kf1 Bf5 32. Re1 Bd3+ 33. Kg1 Bc4 34. f3 d5 35. Re7 c5 36. Bd6 d4 37. cxd4 cxd4 38. Bc7 b4 39. axb4 axb4 40. Bb6 d3 41. Re1 Bb3 42. Be3 Rd8 43. Bd2 Bc2 44. Bxb4 Rb8 45. Bd2 Rb1 46. Rxb1 Bxb1 47. Kf2 Kh7 48. Ke3 Kg6 49. Kf4 Kf6 50. g4 g5+ 51. hxg5+ hxg5+ 52. Ke4 Ke6 53. Bxg5 d2+ 54. Ke3 d1Q 55. Kf2 Bd3 56. Kg3 Qe1+ 57. Kg2 Bf1+ 58. Kg1 Qe2 0-1

[Event "GER-ch U10"]
[Site "Willingen"]
[Date "2019.06.13"]
[Round "8"]
[White "Arora, Abhiraaj"]
[Black "Ruddat, Jarne"]
[Result "1-0"]
[WhiteElo "1454"]
[BlackElo "1350"]
[PlyCount "43"]
[EventDate "2019.06.08"]
[EventType "swiss"]
[EventRounds "11"]
[EventCountry "GER"]
[SourceTitle "CBM 191 Extra"]
[Source "ChessBase"]
[SourceDate "2019.09.30"]
[SourceVersion "1"]
[SourceVersionDate "2019.09.30"]
[SourceQuality "1"]

1. d4 d5 2. c4 dxc4 3. e3 e6 4. Bxc4 Nf6 5. Nf3 c5 6. 0-0 cxd4 7. exd4 Be7 8. Nc3 0-0 9. Bg5 h6 10. Bh4 Nc6 11. Qd2 Qd7 12. Rad1 Bb4 13. Bxf6 Na5 14. Bd3 gxf6 15. Qxh6 Rd8 16. Ne4 Qe7 17. Nxf6+ Qxf6 18. Qxf6 Rd7 19. Ne5 Be7 20. Bh7+ Kxh7 21. Qxf7+ Kh8 22. Ng6# 1-0

[Event "GER-chT U10"]
[Site "Magdeburg"]
[Date "2018.12.29"]
[Round "6.1"]
[White "Arora, Abhiraaj"]
[Black "Krueger, Arthur"]
[Result "0-1"]
[WhiteElo "1404"]
[BlackElo "1601"]
[PlyCount "138"]
[EventDate "2018.12.27"]
[EventType "team-swiss"]
[EventRounds "7"]
[EventCountry "GER"]
[SourceTitle "CBM 188 Extra"]
[Source "ChessBase"]
[SourceDate "2019.02.26"]
[SourceVersion "1"]
[SourceVersionDate "2019.02.26"]
[SourceQuality "1"]
[WhiteTeam "Erlangen"]
[BlackTeam "Hamburger SK"]
[WhiteTeamCountry "GER"]
[BlackTeamCountry "GER"]

1. e4 e5 2. Nf3 Nc6 3. Bc4 Bc5 4. Nc3 Nf6 5. 0-0 0-0 6. d3 h6 7. Be3 Bxe3 8. fxe3 d6 9. h3 Na5 10. Bb3 Nxb3 11. axb3 c6 12. d4 Qe7 13. Qe1 Re8 14. Nd2 Bd7 15. Qg3 Kh8 16. dxe5 Qxe5 17. Qxe5 dxe5 18. Nc4 Re7 19. Nb6 Rb8 20. Nxd7 Rxd7 21. Rxa7 Kg8 22. Raa1 Kf8 23. Rad1 Rbd8 24. Rxd7 Rxd7 25. Rd1 Rxd1+ 26. Nxd1 Nxe4 27. Nf2 Nxf2 28. Kxf2 Ke7 29. b4 Kd6 30. e4 c5 31. bxc5+ Kxc5 32. Ke3 g6 33. g4 Kc4 34. h4 g5 35. hxg5 hxg5 36. Kf2 Kd4 37. Kf3 f6 38. b4 b5 39. c4 Kxc4 40. Ke3 Kxb4 41. Kd3 Kc5 42. Kc3 b4+ 43. Kb3 Kd4 44. Kxb4 Kxe4 45. Kc3 Kf4 46. Kd2 Kxg4 47. Ke3 f5 48. Ke2 f4 49. Kf2 e4 50. Ke2 e3 51. Kf1 Kg3 52. Ke1 Kg2 53. Ke2 f3+ 54. Kxe3 f2 55. Ke4 f1Q 56. Ke5 Qf4+ 57. Kd5 Qe3 58. Kd6 Qe4 59. Kc5 Qd3 60. Kc6 Qd4 61. Kb5 Qc3 62. Kb6 Qc4 63. Kb7 Qc5 64. Kb8 Qe7 65. Ka8 Kf3 66. Kb8 Ke4 67. Ka8 Kd5 68. Kb8 Kc6 69. Ka8 Qb7# 0-1

[Event "Nuremberg Zabo op 20th"]
[Site "Nuremberg"]
[Date "2018.09.16"]
[Round "4"]
[White "Zimmer, Christian1111"]
[Black "Arora, Abhiraaj"]
[Result "0-1"]
[WhiteElo "1205"]
[BlackElo "1499"]
[PlyCount "52"]
[EventDate "2018.09.15"]
[EventType "swiss"]
[EventRounds "5"]
[EventCountry "GER"]
[SourceTitle "EXT 2020"]
[Source "ChessBase"]
[SourceDate "2019.10.17"]
[SourceVersion "1"]
[SourceVersionDate "2019.10.17"]
[SourceQuality "1"]

1. e4 e5 2. Nf3 Nc6 3. d4 exd4 4. Bc4 Nf6 5. 0-0 d5 6. exd5 Nxd5 7. Nxd4 Nf6 8. Nb5 Bd6 9. N1c3 0-0 10. Bg5 Bd7 11. Re1 Be7 12. Qe2 Re8 13. Qf3 a6 14. Na3 Rb8 15. Bb3 Nd4 16. Qd3 Ne6 17. Bd2 Bd6 18. Rad1 Nc5 19. Qf3 Bg4 20. Rxe8+ Qxe8 21. Qe3 Bxd1 22. Nxd1 Qxe3 23. Nxe3 Nxb3 24. axb3 Rd8 25. g3 Bxa3 26. bxa3 Rxd2 0-1

[Event "Nuremberg Zabo op 20th"]
[Site "Nuremberg"]
[Date "2018.09.15"]
[Round "1"]
[White "Arora, Abhiraaj"]
[Black "Heppert, Lars"]
[Result "0-1"]
[WhiteElo "1499"]
[BlackElo "1923"]
[PlyCount "56"]
[EventDate "2018.09.15"]
[EventType "swiss"]
[EventRounds "5"]
[EventCountry "GER"]
[SourceTitle "EXT 2020"]
[Source "ChessBase"]
[SourceDate "2019.10.17"]
[SourceVersion "1"]
[SourceVersionDate "2019.10.17"]
[SourceQuality "1"]

1. e4 c5 2. Nc3 g6 3. f4 Bg7 4. Bc4 Nc6 5. Nf3 e6 6. Nb5 d6 7. 0-0 a6 8. Nc3 b5 9. Be2 Nge7 10. a3 0-0 11. d3 d5 12. Qe1 d4 13. Nd1 Bb7 14. Nh4 f5 15. exf5 exf5 16. Nf2 Nd5 17. Bf3 Re8 18. Qd1 Ne3 19. Bxe3 dxe3 20. Nh3 Qxh4 21. Ng5 e2 22. Bxe2 Nd4 23. Bf3 Nxf3+ 24. Rxf3 Bxf3 25. Qxf3 Re1+ 26. Rxe1 Qxe1+ 27. Qf1 Bd4+ 28. Kh1 Qxf1# 0-1

[Event "Nuremberg Zabo op 20th"]
[Site "Nuremberg"]
[Date "2018.09.15"]
[Round "3"]
[White "Arora, Abhiraaj"]
[Black "Ruderer, Alexander"]
[Result "0-1"]
[WhiteElo "1499"]
[BlackElo "1624"]
[PlyCount "132"]
[EventDate "2018.09.15"]
[EventType "swiss"]
[EventRounds "5"]
[EventCountry "GER"]
[SourceTitle "EXT 2020"]
[Source "ChessBase"]
[SourceDate "2019.10.17"]
[SourceVersion "1"]
[SourceVersionDate "2019.10.17"]
[SourceQuality "1"]

1. e4 e5 2. Nf3 Nc6 3. Bc4 Be7 4. Nc3 d6 5. h3 Nf6 6. d3 0-0 7. 0-0 a6 8. a3 b5 9. Ba2 Bb7 10. Be3 Qd7 11. Nd2 Nd8 12. f4 exf4 13. Rxf4 Ne6 14. Rf3 d5 15. exd5 Nxd5 16. Nxd5 Bxd5 17. Bxd5 Qxd5 18. Rg3 Bd6 19. Rg4 f5 20. Rh4 Qe5 21. Nf1 Be7 22. Rh5 g6 23. Rh6 f4 24. Bf2 Bg5 25. Rh4 Bxh4 26. Bxh4 Nd4 27. Qd2 Rae8 28. c3 Nf5 29. Re1 Qd6 30. Bf2 Rxe1 31. Bxe1 Re8 32. Bf2 Qe5 33. Qc2 c5 34. Qb3+ Kf8 35. d4 Qe2 36. dxc5 Ne3 37. Bxe3 fxe3 38. Ng3 Qf2+ 39. Kh2 e2 40. Qd5 Qxg3+ 41. Kxg3 e1Q+ 42. Kh2 Qe5+ 43. Qxe5 Rxe5 44. c6 Rc5 45. Kg3 Rxc6 46. Kf4 Rd6 47. Ke3 Ke7 48. Ke2 Ke6 49. Ke3 Rd1 50. Ke2 Rb1 51. Ke3 Rxb2 52. Kd4 Rxg2 53. Kc5 Rg3 54. Kb6 Rxc3 55. Kxa6 Rxa3+ 56. Kxb5 Rc3 57. Kb4 Rc8 58. Kb5 Kd6 59. Kb4 Kd5 60. Kb3 Kd4 61. Kb2 Kd3 62. Kb1 Kd2 63. Kb2 Rb8+ 64. Ka2 Kc3 65. Ka1 Kc2 66. Ka2 Ra8# 0-1

[Event "Nuremberg Zabo op 20th"]
[Site "Nuremberg"]
[Date "2018.09.15"]
[Round "2"]
[White "Meyer, Martin2222"]
[Black "Arora, Abhiraaj"]
[Result "0-1"]
[WhiteElo "871"]
[BlackElo "1499"]
[PlyCount "47"]
[EventDate "2018.09.15"]
[EventType "swiss"]
[EventRounds "5"]
[EventCountry "GER"]
[SourceTitle "EXT 2020"]
[Source "ChessBase"]
[SourceDate "2019.10.17"]
[SourceVersion "1"]
[SourceVersionDate "2019.10.17"]
[SourceQuality "1"]

1. d4 d5 2. e3 Bf5 3. Nf3 Nf6 4. Bd3 Bg6 5. 0-0 e6 6. Bxg6 hxg6 7. Bd2 Bd6 8. Nc3 g5 9. Nb5 g4 10. Nxd6+ Qxd6 11. Ne5 Nc6 12. f4 Qe7 13. Nxg4 Ne4 14. Be1 f5 15. Ne5 Nxe5 16. dxe5 Kd7 17. c4 c6 18. cxd5 exd5 19. b4 g5 20. b5 Rxh2 21. Kxh2 Rh8+ 22. Kg1 Qh7 23. bxc6+ bxc6 24. e6+ 0-1